<?xml version="1.0" encoding="UTF-8"?>
<record
    xmlns:xsi="http://www.w3.org/2001/XMLSchema-instance"
    xsi:schemaLocation="http://www.loc.gov/MARC21/slim http://www.loc.gov/standards/marcxml/schema/MARC21slim.xsd"
    xmlns="http://www.loc.gov/MARC21/slim">

  <leader>00932cam a2200265 a 4500</leader>
  <controlfield tag="001">sa 68015750 </controlfield>
  <controlfield tag="003">DLC</controlfield>
  <controlfield tag="005">20260227112646.0</controlfield>
  <controlfield tag="008">900214s1967    ii ac         000 0 sano </controlfield>
  <datafield tag="010" ind1=" " ind2=" ">
    <subfield code="a">sa 68015750 </subfield>
  </datafield>
  <datafield tag="035" ind1=" " ind2=" ">
    <subfield code="a">(OCoLC)21063081</subfield>
  </datafield>
  <datafield tag="040" ind1=" " ind2=" ">
    <subfield code="a">DLC</subfield>
    <subfield code="c">DLC</subfield>
  </datafield>
  <datafield tag="041" ind1="1" ind2=" ">
    <subfield code="a">hin</subfield>
    <subfield code="a">san</subfield>
    <subfield code="h">san</subfield>
  </datafield>
  <datafield tag="050" ind1="0" ind2="0">
    <subfield code="a">PK2916</subfield>
    <subfield code="b">.V577 1967b</subfield>
  </datafield>
  <datafield tag="100" ind1="0" ind2=" ">
    <subfield code="a">Vi&#x15B;van&#x101;tha Kavir&#x101;ja.</subfield>
  </datafield>
  <datafield tag="240" ind1="1" ind2="0">
    <subfield code="a">S&#x101;hityadarpana.</subfield>
    <subfield code="l">Hindi &amp; Sanskrit</subfield>
  </datafield>
  <datafield tag="245" ind1="1" ind2="0">
    <subfield code="a">S&#x101;hityadarpa&#x1E47;a&#x1E25; /</subfield>
    <subfield code="c">Vi&#x15B;van&#x101;thakavir&#x101;jakr&#x325;ta&#x1E25; ; &#x15A;&#x101;lagr&#x101;ma&#x15B;&#x101;str&#x12B;viracitay&#x101; Vimal&#x101;khyay&#x101; Hind&#x12B;vy&#x101;khyay&#x101; vibh&#x16B;&#x1E63;ita&#x1E25;.</subfield>
  </datafield>
  <datafield tag="250" ind1=" " ind2=" ">
    <subfield code="a">3. sa&#x1E43;skara&#x1E47;a.</subfield>
  </datafield>
  <datafield tag="260" ind1=" " ind2=" ">
    <subfield code="a">Dill&#x12B; :</subfield>
    <subfield code="b">Mot&#x12B;l&#x101;la Ban&#x101;rs&#x12B;d&#x101;sa,</subfield>
    <subfield code="c">1967.</subfield>
  </datafield>
  <datafield tag="300" ind1=" " ind2=" ">
    <subfield code="a">17, 14, 371, 14 p. :</subfield>
    <subfield code="b">ill. ;</subfield>
    <subfield code="c">26 cm.</subfield>
  </datafield>
  <datafield tag="546" ind1=" " ind2=" ">
    <subfield code="a">Hindi and Sanskrit; introductory matter and notes in Hindi.</subfield>
  </datafield>
  <datafield tag="650" ind1=" " ind2="0">
    <subfield code="a">Sanskrit poetry</subfield>
    <subfield code="x">History and criticism.</subfield>
  </datafield>
  <datafield tag="650" ind1=" " ind2="0">
    <subfield code="a">Poetics.</subfield>
  </datafield>
  <datafield tag="700" ind1="1" ind2="2">
    <subfield code="a">&#x15A;&#x101;str&#x12B;, &#x15A;&#x101;lagr&#x101;ma.</subfield>
    <subfield code="t">Vimala.</subfield>
  </datafield>
  <datafield tag="999" ind1=" " ind2=" ">
    <subfield code="c">86658</subfield>
    <subfield code="d">86658</subfield>
  </datafield>
</record>
